[Event "GRE-chT 52nd"]
[Site "Loutraki"]
[Date "2025.07.04"]
[Round "7.73"]
[White "Sandalakis, Nikolaos"]
[Black "Tzagarakis, Panagiotis"]
[Result "0-1"]
[WhiteElo "2248"]
[BlackElo "2157"]
[PlyCount "74"]
[EventDate "2025.06.28"]
[EventType "team-swiss"]
[EventRounds "7"]
[EventCountry "GRE"]
[SourceTitle "CB28_2025"]
[SourceDate "2025.07.09"]
[SourceVersion "1"]
[SourceVersionDate "2025.07.09"]
[SourceQuality "1"]
[WhiteTeam "Ippotis Rodi"]
[BlackTeam "Neapolis Sekeon"]
[WhiteTeamCountry "GRE"]
[BlackTeamCountry "GRE"]

1. e4 c5 2. Nf3 e6 3. d4 cxd4 4. Nxd4 Nc6 5. Nc3 Qc7 6. f4 Nxd4 7. Qxd4 a6 8. Be3 b5 9. 0-0-0 Bb7 10. Bd3 Rc8 11. Kb1 Nf6 12. Rhe1 Qb8 13. Qa7 Qxa7 14. Bxa7 Bb4 15. Bd4 d6 16. g4 Ke7 17. g5 Nh5 18. Rf1 h6 19. h4 hxg5 20. hxg5 Bc5 21. Ne2 Bxd4 22. Nxd4 Ng3 23. Rfe1 Rh4 24. Re3 Nh5 25. f5 g6 26. f6+ Kd7 27. Nf3 Rf4 28. a3 Kc7 29. Rh1 Kb6 30. Rh4 Rxh4 31. Nxh4 Nf4 32. Rf3 e5 33. Rf2 Rh8 34. Rh2 Ne6 35. Nf3 Rxh2 36. Nxh2 Nxg5 37. Ng4 Bxe4 0-1

[Event "GRE-chT 51st"]
[Site "Trikala"]
[Date "2024.07.10"]
[Round "7.2"]
[White "Sandalakis, Nikolaos"]
[Black "Mitsis, Georgios"]
[Result "1-0"]
[WhiteElo "2229"]
[BlackElo "2374"]
[PlyCount "91"]
[EventDate "2024.07.04"]
[EventType "team-swiss"]
[EventRounds "7"]
[EventCountry "GRE"]
[SourceTitle "CBM 221 Extra"]
[Source "ChessBase"]
[SourceDate "2024.09.30"]
[SourceVersion "1"]
[SourceVersionDate "2024.09.30"]
[SourceQuality "1"]
[WhiteTeam "Machites OI"]
[BlackTeam "Eaao Fysiolatris Nikias"]
[WhiteTeamCountry "GRE"]
[BlackTeamCountry "GRE"]

1. e4 c5 2. Nf3 Nc6 3. d4 cxd4 4. Nxd4 Nf6 5. Nc3 e5 6. Ndb5 d6 7. Bg5 a6 8. Na3 b5 9. Nd5 Be7 10. Bxf6 Bxf6 11. c3 Rb8 12. Nc2 Bg5 13. a3 0-0 14. Ncb4 Qe8 15. Be2 a5 16. Nxc6 Qxc6 17. h4 Bd8 18. Qd2 Be6 19. Rd1 Bxd5 20. Qxd5 Qxd5 21. Rxd5 b4 22. cxb4 axb4 23. a4 b3 24. Rh3 Ra8 25. Bb5 Ba5+ 26. Kd1 f5 27. Rxb3 fxe4 28. Bc4 Kh8 29. Rxd6 Rxf2 30. Rb5 Bd8 31. Bd5 Rc8 32. Rc5 Rb8 33. Rb5 Rc8 34. Bb7 Rb8 35. Bxe4 Rc8 36. Bb7 Rb8 37. Bf3 Rc8 38. Bb7 Rb8 39. a5 Bxh4 40. a6 Rf1+ 41. Kc2 Ra1 42. Rd1 Rxd1 43. Kxd1 Bf2 44. Rxe5 g6 45. b4 Rf8 46. Rc5 1-0

[Event "Rhodes Summer Cup"]
[Site "Rhodes"]
[Date "2024.06.29"]
[Round "8"]
[White "Sandalakis, Nikolaos"]
[Black "Ghaith, Saeed Alnuaimi"]
[Result "1-0"]
[WhiteElo "2229"]
[BlackElo "1799"]
[PlyCount "93"]
[EventDate "2024.06.22"]
[EventType "swiss"]
[EventRounds "9"]
[EventCountry "GRE"]
[SourceTitle "CBM 220 Extra"]
[Source "ChessBase"]
[SourceDate "2024.07.31"]
[SourceVersion "1"]
[SourceVersionDate "2024.07.31"]
[SourceQuality "1"]

1. e4 c5 2. Nf3 Nc6 3. d4 cxd4 4. Nxd4 Nf6 5. Nc3 e6 6. Ndb5 Bb4 7. a3 Bxc3+ 8. Nxc3 d5 9. exd5 exd5 10. Bd3 0-0 11. 0-0 d4 12. Ne2 Bg4 13. Bg5 h6 14. Bh4 Bxe2 15. Bxe2 Re8 16. Re1 Re4 17. Bg3 Qb6 18. b3 Rae8 19. Qd2 R4e7 20. Bd3 Ne4 21. Bxe4 Rxe4 22. Rxe4 Rxe4 23. f3 Re6 24. Bf2 Qc5 25. Qd3 Rg6 26. h4 Qd5 27. Kh1 a5 28. Re1 Re6 29. Rxe6 fxe6 30. Kg1 Kf7 31. Kf1 Qc5 32. a4 Qa3 33. Kg1 Qc1+ 34. Kh2 Qf4+ 35. Bg3 Qf5 36. Qc4 Qd5 37. Qxd5 exd5 38. Be1 Ke6 39. Kg3 Ke5 40. Kf2 g5 41. h5 Kd6 42. Ke2 b6 43. Bg3+ Kc5 44. f4 g4 45. f5 Nd8 46. Bf4 Nf7 47. Kd3 1-0

[Event "Heraklion Tal Memorial 3rd"]
[Site "Heraklion"]
[Date "2022.05.01"]
[Round "7"]
[White "Lirindzakis, Timotheos"]
[Black "Sandalakis, Nikolaos"]
[Result "1/2-1/2"]
[WhiteElo "2164"]
[BlackElo "2240"]
[PlyCount "34"]
[EventDate "2022.04.25"]
[EventType "tourn"]
[EventRounds "9"]
[EventCountry "GRE"]
[SourceTitle "CBM 208 Extra"]
[Source "ChessBase"]
[SourceDate "2022.07.31"]
[SourceVersion "1"]
[SourceVersionDate "2022.07.31"]
[SourceQuality "1"]

1. e4 e6 2. d4 d5 3. exd5 exd5 4. Bd3 Bd6 5. Nf3 Nf6 6. 0-0 0-0 7. c3 c6 8. Bg5 Bg4 9. Nbd2 Nbd7 10. Qc2 Qc7 11. Bh4 Bh5 12. Bg3 Bxg3 13. hxg3 Rae8 14. Rfe1 Bg6 15. Bxg6 hxg6 16. Rxe8 Rxe8 17. Re1 Rxe1+ 1/2-1/2

[Event "Heraklion Tal Memorial 3rd"]
[Site "Heraklion"]
[Date "2022.04.29"]
[Round "5"]
[White "Peng, Li Min"]
[Black "Sandalakis, Nikolaos"]
[Result "1-0"]
[WhiteElo "2517"]
[BlackElo "2240"]
[PlyCount "139"]
[EventDate "2022.04.25"]
[EventType "tourn"]
[EventRounds "9"]
[EventCountry "GRE"]
[SourceTitle "CBM 208 Extra"]
[Source "ChessBase"]
[SourceDate "2022.07.31"]
[SourceVersion "1"]
[SourceVersionDate "2022.07.31"]
[SourceQuality "1"]

1. Nf3 d5 2. e3 Nf6 3. c4 c6 4. Nc3 g6 5. d4 Bg7 6. Be2 0-0 7. 0-0 Bg4 8. cxd5 cxd5 9. Qb3 b6 10. h3 Bc8 11. Ne5 Bb7 12. Bd2 Nc6 13. Rac1 Nxe5 14. dxe5 Nd7 15. f4 Nc5 16. Qd1 f6 17. b4 Ne4 18. Nxe4 dxe4 19. Qb3+ Bd5 20. Bc4 e6 21. exf6 Bxf6 22. Bc3 Bxc3 23. Rxc3 Rc8 24. Rd1 Rxc4 25. Qxc4 Bxc4 26. Rxd8 Rxd8 27. Rxc4 Rd1+ 28. Kh2 Rd3 29. Rxe4 Kf7 30. a4 a5 31. b5 h5 32. Kg3 Ra3 33. Kf3 h4 34. Rc4 Kf6 35. Rc6 Rxa4 36. Rxb6 Ra3 37. Rb8 Rb3 38. b6 Kg7 39. b7 Rb2 40. Ra8 Rxb7 41. Rxa5 Kf6 42. Ra8 g5 43. Rh8 gxf4 44. exf4 Rb3+ 45. Kf2 Rb2+ 46. Kg1 Kf5 47. Rxh4 Rb1+ 48. Kh2 Rb3 49. Rg4 Re3 50. Rg3 Re1 51. Rf3 Re2 52. Kg3 Ra2 53. Re3 Ra7 54. Re5+ Kf6 55. Kg4 Rg7+ 56. Rg5 Ra7 57. h4 Ra2 58. g3 Ra1 59. h5 Rh1 60. Rg6+ Kf7 61. Kg5 Ra1 62. Rf6+ Ke7 63. g4 Rg1 64. Rh6 Kf7 65. Rh7+ Kf8 66. Ra7 Rg2 67. Kf6 Kg8 68. g5 Rf2 69. Ra8+ Kh7 70. g6+ 1-0

[Event "Heraklion Tal Memorial 3rd"]
[Site "Heraklion"]
[Date "2022.04.26"]
[Round "2"]
[White "Sandalakis, Nikolaos"]
[Black "Rakshitta, Ravi"]
[Result "1-0"]
[WhiteElo "2240"]
[BlackElo "2240"]
[PlyCount "95"]
[EventDate "2022.04.25"]
[EventType "tourn"]
[EventRounds "9"]
[EventCountry "GRE"]
[SourceTitle "CBM 208 Extra"]
[Source "ChessBase"]
[SourceDate "2022.07.31"]
[SourceVersion "1"]
[SourceVersionDate "2022.07.31"]
[SourceQuality "1"]

1. e4 e5 2. Nf3 Nc6 3. Bb5 a6 4. Ba4 Nf6 5. 0-0 Nxe4 6. d4 b5 7. Bb3 d5 8. dxe5 Be6 9. Qe2 Be7 10. Rd1 0-0 11. c4 bxc4 12. Bxc4 Bc5 13. Be3 Bxe3 14. Qxe3 Qb8 15. Bb3 Na5 16. Nbd2 Qb6 17. Qxb6 cxb6 18. Nd4 Rfd8 19. f3 Nxd2 20. Rxd2 Nc4 21. Re2 g5 22. Kf2 Rac8 23. h4 gxh4 24. Rh1 h3 25. gxh3 Kh8 26. f4 Rg8 27. f5 Bd7 28. Rg1 Rxg1 29. Kxg1 Rg8+ 30. Kf2 Rg5 31. Kf3 Rg1 32. Bxc4 dxc4 33. e6 fxe6 34. fxe6 Be8 35. Kf4 Kg7 36. Ke5 Rg5+ 37. Nf5+ Kg6 38. Rf2 b5 39. h4 Rg1 40. Nd6 Bc6 41. Re2 Ra1 42. e7 Kh5 43. e8Q+ Bxe8 44. Nxe8 Rxa2 45. Nf6+ Kg6 46. Ke6 c3 47. Rg2+ Kh6 48. Rg5 1-0

[Event "World Amateur-ch U2300"]
[Site "Rhodes"]
[Date "2021.10.17"]
[Round "1"]
[White "El Ghadamsy, Mohamed"]
[Black "Sandalakis, Nikolaos"]
[Result "0-1"]
[WhiteElo "2036"]
[BlackElo "2226"]
[PlyCount "44"]
[EventDate "2021.10.17"]
[EventType "swiss"]
[EventRounds "9"]
[EventCountry "GRE"]
[SourceTitle "EXT 2023"]
[Source "ChessBase"]
[SourceDate "2022.10.05"]
[SourceVersion "1"]
[SourceVersionDate "2022.10.05"]
[SourceQuality "1"]

1. d4 Nf6 2. Bf4 d5 3. e3 c5 4. Nc3 a6 5. dxc5 Nc6 6. Nf3 e6 7. Bd3 Bxc5 8. 0-0 Nh5 9. Bg5 f6 10. Bh4 g6 11. e4 d4 12. Ne2 e5 13. Nd2 Be6 14. Bc4 Bxc4 15. Nxc4 b5 16. Nd2 0-0 17. Nb3 Qd6 18. Nxc5 Qxc5 19. c3 Rad8 20. cxd4 Nxd4 21. Nc3 Nf4 22. Qg4 h5 0-1

[Event "GRE-chT 48th"]
[Site "Athens"]
[Date "2021.09.08"]
[Round "2.5"]
[White "Sandalakis, Nikolaos"]
[Black "Tzouganakis, Panteleimon"]
[Result "1/2-1/2"]
[WhiteElo "2221"]
[BlackElo "2187"]
[PlyCount "30"]
[EventDate "2021.09.07"]
[EventType "team-swiss"]
[EventRounds "7"]
[EventCountry "GRE"]
[SourceTitle "CBM 204 Extra"]
[Source "ChessBase"]
[SourceDate "2021.11.30"]
[SourceVersion "1"]
[SourceVersionDate "2021.11.30"]
[SourceQuality "1"]
[WhiteTeam "Ames Neas Erythreas"]
[BlackTeam "Peukees"]
[WhiteTeamCountry "GRE"]
[BlackTeamCountry "GRE"]

1. e4 g6 2. d4 Bg7 3. Nc3 d6 4. f4 Nf6 5. Nf3 c5 6. Bb5+ Bd7 7. e5 Ng4 8. e6 fxe6 9. Ng5 Bxd4 10. Nxe6 Bxb5 11. Nxd8 Bf2+ 12. Kd2 Be3+ 13. Ke1 Bf2+ 14. Kd2 Be3+ 15. Ke1 Bf2+ 1/2-1/2

[Event "GRE-chT 46th"]
[Site "Rio Achaia"]
[Date "2018.07.14"]
[Round "6.7"]
[White "Dimitrov, Atanas Valtchev"]
[Black "Sandalakis, Nikolaos"]
[Result "1/2-1/2"]
[WhiteElo "2294"]
[BlackElo "2209"]
[PlyCount "35"]
[EventDate "2018.07.10"]
[EventType "team"]
[EventRounds "7"]
[EventCountry "GRE"]
[SourceTitle "CBM 185 Extra"]
[Source "ChessBase"]
[SourceDate "2018.07.29"]
[SourceVersion "1"]
[SourceVersionDate "2018.07.29"]
[SourceQuality "1"]
[WhiteTeam "Alexandropulis Mas National"]
[BlackTeam "Nepolis"]
[WhiteTeamCountry "GRE"]
[BlackTeamCountry "GRE"]

1. Nf3 Nf6 2. g3 d5 3. Bg2 c6 4. c4 g6 5. b3 Bg7 6. Bb2 0-0 7. 0-0 a5 8. Nc3 d4 9. Na4 Ng4 10. e3 e5 11. exd4 exd4 12. Re1 Na6 13. c5 Be6 14. d3 Re8 15. Qd2 Bh6 16. Qd1 Bg7 17. Qd2 Bh6 18. Qd1 1/2-1/2

[Event "GRE-chT 46th"]
[Site "Rio Achaia"]
[Date "2018.07.10"]
[Round "1.1"]
[White "Gkoumas, Georgios"]
[Black "Sandalakis, Nikolaos"]
[Result "1-0"]
[WhiteElo "2384"]
[BlackElo "2209"]
[PlyCount "53"]
[EventDate "2018.07.10"]
[EventType "team"]
[EventRounds "7"]
[EventCountry "GRE"]
[SourceTitle "CBM 185 Extra"]
[Source "ChessBase"]
[SourceDate "2018.07.29"]
[SourceVersion "1"]
[SourceVersionDate "2018.07.29"]
[SourceQuality "1"]
[WhiteTeam "Nikaia Fysiolatris"]
[BlackTeam "Nepolis"]
[WhiteTeamCountry "GRE"]
[BlackTeamCountry "GRE"]

1. d4 Nf6 2. c4 e6 3. Nc3 Bb4 4. e3 0-0 5. Nge2 c6 6. a3 Ba5 7. c5 Re8 8. g3 d6 9. cxd6 Qxd6 10. b4 Bb6 11. Bb2 a5 12. b5 cxb5 13. Bg2 Bd7 14. 0-0 Na6 15. e4 Qb8 16. e5 b4 17. exf6 bxc3 18. Nxc3 Bc6 19. d5 exd5 20. Nxd5 Bxd5 21. Bxd5 Nc5 22. Bxf7+ Kxf7 23. Qh5+ Kg8 24. f7+ Kh8 25. Qh6 Re5 26. Bxe5 Qxe5 27. Qxb6 1-0

[Event "GRE-ch 67th"]
[Site "Thessaloniki"]
[Date "2017.12.19"]
[Round "5"]
[White "Sandalakis, Nikolaos"]
[Black "Pavlidis, Anastasios"]
[Result "1-0"]
[WhiteElo "2213"]
[BlackElo "2358"]
[PlyCount "73"]
[EventDate "2017.12.15"]
[EventType "tourn"]
[EventRounds "9"]
[EventCountry "GRE"]
[EventCategory "5"]
[SourceTitle "CBM 182 Extra"]
[Source "ChessBase"]
[SourceDate "2018.02.23"]
[SourceVersion "1"]
[SourceVersionDate "2018.02.23"]
[SourceQuality "1"]

1. e4 c5 2. Nf3 d6 3. d4 cxd4 4. Nxd4 Nf6 5. Nc3 a6 6. h3 e6 7. g4 Be7 8. Bg2 Qc7 9. Be3 Nfd7 10. Qd2 Nc6 11. 0-0-0 Nce5 12. b3 Nb6 13. f4 Nc6 14. g5 Bd7 15. Rhe1 Rc8 16. Nd5 exd5 17. exd5 Nxd4 18. Bxd4 Bf5 19. Be4 Bxe4 20. Rxe4 Nxd5 21. Bxg7 Rg8 22. Bf6 Kf8 23. Rc4 Qd8 24. Rxc8 Qxc8 25. Qxd5 Qc6 26. Bxe7+ Kxe7 27. Re1+ Kf8 28. Qd4 Qc5 29. Qf6 d5 30. f5 Qc6 31. Qe7+ Kg7 32. Qe5+ f6 33. gxf6+ Kh6 34. Qf4+ Kh5 35. f7 Rc8 36. Qg4+ Kh6 37. Re6+ 1-0

[Event "GRE-ch 67th"]
[Site "Thessaloniki"]
[Date "2017.12.16"]
[Round "2"]
[White "Kouskoutis, Georgios Alexandros"]
[Black "Sandalakis, Nikolaos"]
[Result "1/2-1/2"]
[WhiteElo "2365"]
[BlackElo "2213"]
[PlyCount "99"]
[EventDate "2017.12.15"]
[EventType "tourn"]
[EventRounds "9"]
[EventCountry "GRE"]
[EventCategory "5"]
[SourceTitle "CBM 182 Extra"]
[Source "ChessBase"]
[SourceDate "2018.02.23"]
[SourceVersion "1"]
[SourceVersionDate "2018.02.23"]
[SourceQuality "1"]

1. e4 e5 2. Nf3 Nc6 3. d4 exd4 4. Nxd4 Nf6 5. Nc3 Bb4 6. Nxc6 bxc6 7. Bd3 d5 8. exd5 cxd5 9. 0-0 0-0 10. h3 c6 11. Qf3 Bd6 12. Bf4 Rb8 13. b3 Rb4 14. Bxd6 Qxd6 15. Ne2 c5 16. c3 Rb7 17. Ng3 Re7 18. Nf5 Bxf5 19. Qxf5 g6 20. Qg5 Kg7 21. Rfd1 Re5 22. Qd2 Rfe8 23. Re1 d4 24. Bb5 R8e7 25. Rxe5 Qxe5 26. cxd4 cxd4 27. Bc6 Ne4 28. Bxe4 Qxe4 29. Rd1 Rd7 30. Qd3 Qxd3 31. Rxd3 Kf6 32. Kf1 Ke5 33. Ke2 f5 34. Rd1 Rd6 35. Kd3 Ra6 36. Rd2 Kd5 37. Rc2 g5 38. Re2 Ra3 39. g3 a5 40. f4 gxf4 41. gxf4 a4 42. Re5+ Kd6 43. Ra5 Rxa2 44. bxa4 Ke6 45. Kxd4 Rd2+ 46. Ke3 Rh2 47. Ra6+ Kd5 48. Ra5+ Ke6 49. Ra7 h5 50. Rh7 1/2-1/2

[Event "GRE-chT 45th"]
[Site "Achaia"]
[Date "2017.07.06"]
[Round "5.12"]
[White "Kalogridis, Themistoklis"]
[Black "Sandalakis, Nikolaos"]
[Result "0-1"]
[WhiteElo "1072"]
[BlackElo "2234"]
[PlyCount "50"]
[EventDate "2017.07.03"]
[EventType "team-swiss"]
[EventRounds "7"]
[EventCountry "GRE"]
[SourceTitle "CBM 179 Extra"]
[Source "ChessBase"]
[SourceDate "2017.08.23"]
[SourceVersion "1"]
[SourceVersionDate "2017.08.23"]
[SourceQuality "1"]
[WhiteTeam "Orekastro Marion Thunder"]
[BlackTeam "Rhodes Knight"]
[WhiteTeamCountry "GRE"]
[BlackTeamCountry "GRE"]

1. d4 Nf6 2. c4 e5 3. dxe5 Ng4 4. Bf4 Bb4+ 5. Nd2 Nc6 6. Ngf3 Qe7 7. e3 Ngxe5 8. Nxe5 Nxe5 9. a3 Bxd2+ 10. Qxd2 d6 11. Bxe5 Qxe5 12. Be2 h5 13. Qd4 Qa5+ 14. Qd2 Qg5 15. Bf3 h4 16. Qd5 Qf6 17. Qd4 Qg5 18. Qd5 Qe7 19. Qe4 Be6 20. Qxb7 0-0 21. Qxa8 Rxa8 22. Bxa8 Bxc4 23. Bf3 h3 24. g3 Qf6 25. Rc1 Qxf3 0-1

[Event "Nikaia op 24th"]
[Site "Nikaia"]
[Date "2016.08.31"]
[Round "7"]
[White "Kotronias, Vasilios"]
[Black "Sandalakis, Nikolaos"]
[Result "0-1"]
[WhiteElo "2534"]
[BlackElo "2049"]
[PlyCount "138"]
[EventDate "2016.08.25"]
[EventType "swiss"]
[EventRounds "9"]
[EventCountry "GRE"]
[SourceTitle "CBM 174 Extra"]
[Source "ChessBase"]
[SourceDate "2016.10.10"]
[SourceVersion "1"]
[SourceVersionDate "2016.10.10"]
[SourceQuality "1"]

1. e4 e5 2. Nf3 Nc6 3. Bb5 a6 4. Ba4 Nf6 5. 0-0 Nxe4 6. d4 b5 7. Bb3 d5 8. dxe5 Be6 9. Be3 Be7 10. c3 Nc5 11. Bc2 Nd7 12. Re1 Ndxe5 13. Nxe5 Nxe5 14. Bd4 Ng6 15. Bxg7 Rg8 16. Bxg6 Rxg7 17. Rxe6 hxg6 18. Re2 Kf8 19. Qd3 Rh7 20. Nd2 Bf6 21. Nf3 c6 22. a4 Kg7 23. Kh1 Rh8 24. g4 Qd6 25. Rg1 Qf4 26. g5 Bd8 27. Qd4+ Qxd4 28. cxd4 Bc7 29. Rc1 Bf4 30. Rxc6 bxa4 31. Kg2 Rhc8 32. Rec2 Rxc6 33. Rxc6 Rb8 34. Rxa6 Rb4 35. Ra7 Kg8 36. h4 Bc1 37. Ne5 Rxd4 38. Kh3 Bxb2 39. Nxf7 Rf4 40. Nh6+ Kf8 41. Ng4 a3 42. Kg3 Rc4 43. f3 Rc2 44. Ra6 Kg7 45. Kf4 a2 46. Ra7+ Kf8 47. Ra8+ Ke7 48. Ra7+ Kd8 49. Ra8+ Kc7 50. Ra7+ Kb6 51. Rxa2 Bc1+ 52. Ke5 Rxa2 53. Kxd5 Kc7 54. Ke6 Ra6+ 55. Kf7 Bb2 56. Nf6 Bxf6 57. gxf6 Kd6 58. Kxg6 Ke6 59. f4 Ra5 60. h5 Rf5 61. h6 Rxf6+ 62. Kg7 Rf7+ 63. Kg6 Rxf4 64. Kg7 Rg4+ 65. Kf8 Rh4 66. Kg7 Rg4+ 67. Kf8 Rf4+ 68. Kg7 Rf7+ 69. Kg8 Kf6 0-1

[Event "Nikaia op 24th"]
[Site "Nikaia"]
[Date "2016.08.29"]
[Round "5"]
[White "Gazis, Efstathios"]
[Black "Sandalakis, Nikolaos"]
[Result "0-1"]
[WhiteElo "2199"]
[BlackElo "2049"]
[PlyCount "126"]
[EventDate "2016.08.25"]
[EventType "swiss"]
[EventRounds "9"]
[EventCountry "GRE"]
[SourceTitle "CBM 174 Extra"]
[Source "ChessBase"]
[SourceDate "2016.10.10"]
[SourceVersion "1"]
[SourceVersionDate "2016.10.10"]
[SourceQuality "1"]

1. e4 c5 2. Nf3 Nc6 3. d4 cxd4 4. Nxd4 Nf6 5. Nc3 d6 6. Bg5 g6 7. Be2 Bg7 8. Nb3 Be6 9. 0-0 0-0 10. f4 Qb6+ 11. Kh1 Rfc8 12. f5 Bxb3 13. axb3 Qd4 14. Bd3 Ne5 15. Ra4 Qc5 16. Qd2 Nxd3 17. Qxd3 b5 18. Ra5 a6 19. Bxf6 Bxf6 20. Nd5 Qxc2 21. Qf3 Qxb2 22. fxg6 hxg6 23. e5 Qxe5 24. Nb6 Qc3 25. Nxc8 Rxc8 26. Rxa6 Qxf3 27. gxf3 Rc3 28. Rb1 Rxf3 29. Rb6 Rf5 30. Rc1 Kg7 31. Rc7 Bd4 32. Rb8 Rg5 33. h3 Re5 34. Rcb7 f5 35. Rxb5 Re1+ 36. Kg2 Re2+ 37. Kh1 f4 38. Rd5 Be3 39. Rd1 f3 40. Rf1 f2 41. b4 Rb2 42. Kg2 Kf7 43. Kf3 Bd4 44. Ke4 e5 45. Kd5 Re2 46. Rc8 Be3 47. Ra8 Bd4 48. Rc8 Be3 49. Ra8 Rd2+ 50. Ke4 Bb6 51. Ra6 Rd4+ 52. Kf3 Rxb4 53. Ra8 Rb3+ 54. Ke4 Rxh3 55. Kd5 Rd3+ 56. Ke4 Re3+ 57. Kd5 Re1 58. Ra1 Rxf1 59. Rxf1 Bc5 60. Ra1 Kf6 61. Ra8 Kf5 62. Rg8 Kf4 63. Rxg6 Kf3 0-1

[Event "Paleochora op 9th"]
[Site "Paleochora"]
[Date "2016.07.25"]
[Round "7"]
[White "Naoum, Spyridon"]
[Black "Sandalakis, Nikolaos"]
[Result "0-1"]
[WhiteElo "2283"]
[BlackElo "2049"]
[PlyCount "106"]
[EventDate "2016.07.20"]
[EventType "swiss"]
[EventRounds "9"]
[EventCountry "GRE"]
[SourceTitle "EXT 2017"]
[Source "ChessBase"]
[SourceDate "2016.10.25"]
[SourceVersion "1"]
[SourceVersionDate "2016.10.25"]
[SourceQuality "1"]

1. d4 d5 2. c4 c6 3. Nf3 Nf6 4. e3 Bg4 5. Nbd2 e6 6. Bd3 Nbd7 7. 0-0 Bd6 8. Qc2 Bh5 9. b3 0-0 10. Bb2 Qb8 11. Rac1 Re8 12. cxd5 exd5 13. h3 Bg6 14. Bxg6 hxg6 15. Rfe1 Qd8 16. Re2 Rc8 17. Rce1 Ne4 18. Nxe4 dxe4 19. Nd2 Nf6 20. Nc4 Bb8 21. Ne5 c5 22. Rc1 cxd4 23. Qxc8 Qxc8 24. Rxc8 Rxc8 25. exd4 b5 26. Kf1 Bd6 27. Ke1 Bb4+ 28. Kd1 a5 29. a4 bxa4 30. bxa4 Kf8 31. Rc2 Rxc2 32. Kxc2 Nd5 33. Bc1 Be1 34. f3 e3 35. Kd3 Bf2 36. Bxe3 Nxe3 37. Ke2 Bg1 38. Nc6 Nd5 39. Kd3 Nb6 40. Nxa5 Nxa4 41. Nc4 Bh2 42. d5 Ke7 43. Kd4 Bd6 44. Nd2 Nc5 45. Kc4 Nd7 46. Kb5 f5 47. Nb3 Ne5 48. h4 Nd3 49. Nd4 Be5 50. Ne6 Nf4 51. Nxg7 Bxg7 52. g4 Nxd5 53. h5 gxh5 0-1